000 00311nam a2200121Ia 4500
008 240731s9999 xx 000 0 und d
022 _a2380-2707
245 0 _aNatural Resources & Engineering
260 _bTaylor & Francis
856 _uhttps://www.tandfonline.com/loi/tnre20
942 _2ddc
942 _cTFEJ
999 _c78674
_d78674
945 _a1
_bMadushi Gamage
_c1
_dMadushi Gamage